000 00549nam a2200169 i 4500
001 97183
003 ES-MaACL
005 20251122063118.0
007 t|
008 050707s1945 sp ||||1| spa d
100 0 _aMaqueda, Leopoldo Barón Torres,
_cDuque de
_976277
245 1 0 _aDon Gutierre de Cárdenas, íntimo confidente y consejero de los Reyes Católicos /
_cDuque de Maqueda.
260 _aMadrid :
_bEditora Nacional,
_c1945.
300 _a207 p. ;
_c17 cm.
852 _aES-MaACL
_jB-10163
_bR.21265
999 _c97183
_d97183